00933 2200325 4500001002100000005001500021035002000036007000300056040001700059100003000076245009500106250001200201300003400213041000800247082001000255084001600265090002000281264003700301336002100338337003000359338002300389650000900412850001000421008004100431020002200472500003000494700003900524990002200563990002200585INLIS00000000000637020260418062837 a0010-0322000614ta aSBPUPADbInd0 aMasnur MuslichePengarang1 aSertifikasi Guru Menuju Profesionalisme Pendidik /cMasnur Muslich, Editor Rini Rachmatika a.-cet.1 ax, 198 hal. :bilus. ;c21 cm0 aInd a371.1 a371.1 MAS s a371.3 ENG d 9-6 a.--Jakarta :bBumi Aksara,c2007 2rdacontentaTeks 2rdamediaaTanpa Perantara 2rdacarrieravolume 4aGuru aPUPAD260418 0  a978-979-010-310-8 aBiografi Penulis, hlm 197 aEditor, Rini RachmatikaePengarang a7713/ARPUS-PDG 08 a7714/ARPUS-PDG 08